KOHA-Header-6

The Asted Leadership handbook (Record no. 132)

000 -LEADER
fixed length control field 00311nam a2200121Ia 4500
008 - FIXED-LENGTH DATA ELEMENTS--GENERAL INFORMATION
fixed length control field 190722s9999 xx 000 0 und d
020 ## - INTERNATIONAL STANDARD BOOK NUMBER
International Standard Book Number 978-81-309-3089-3
100 ## - MAIN ENTRY--PERSONAL NAME
Personal name Elaine Biech
245 #4 - TITLE STATEMENT
Title The Asted Leadership handbook
260 ## - PUBLICATION, DISTRIBUTION, ETC. (IMPRINT)
Place of publication, distribution, etc New Delhi
Name of publisher, distributor, etc Viva Books Pvt limited
Date of publication, distribution, etc 2015
300 ## - PHYSICAL DESCRIPTION
Extent 488
942 ## - ADDED ENTRY ELEMENTS (KOHA)
Koha item type Books
Holdings
Withdrawn status Lost status Source of classification or shelving scheme Damaged status Not for loan Collection code Permanent Location Current Location Shelving location Date acquired Total Checkouts Total Renewals Full call number Barcode Date last seen Date checked out Price effective from Koha item type
          Management MAJU MAJU   2019-07-22 1 1 158.4 6758 2019-11-23 2019-10-28 2019-07-22 Management

Powered by Koha